000 00443nam a2200181Ia 4500
001 8325
005 20260306160601.0
008 260306t2012||||xx |||||||||||||| ||spa||
041 _aESP
082 _a370.155
_bM26
100 _aMartín Domínguez, Delia
_eAUT
245 0 _aPsicomotricidad e intervención educativa
260 _c2012
300 _a227 páginas :
_c24 cm.
650 _aGEN
654 _aCED
942 _cLIB
_dJUS
_fJUS
_2ddc
_n
999 _c8325
_d8325